Clic Les sciences auxiliaires de l'histoire - Statistiques

Statistiques générales
  • Ce quiz a été pris 87 fois
  • Le résultat moyen est 9 sur 18
Statistiques - réponses
Hint Réponse % Correct
Consiste à rechercher la parenté et la filiation des personnes Généalogie
90%
Etudie les inscriptions réalisées par la main de l'homme sur des papyrus Papyrologie
86%
Se charge de la conservation et du classement de documents Archivistique
84%
Etudie l'histoire de l'évolution des langues ou des familles de langues Linguistique comparée
74%
Consiste à étudier l'être humain à travers l'ensemble des vestiges matériels ayant subsisté au cours des siècles Archéologie
72%
Vise à décrire les processus de transformation historique des faits sociaux ou anthropologiques et la cohérence des systèmes culturels de nos sociétés dans ce qu'ils ont d'irréductible à toutes rationalités fonctionnelles Sociologie historique
71%
Etudie les monnaies et les médailles Numismatique
66%
Etudie des armoiries Héraldique
59%
Etudie les sceaux Sigillographie
57%
Etudie les effets militaires à travers les âges et les civilisations Uniformologie
50%
Etudie les inscriptions réalisées par la main de l'homme sur des matières dures Epigraphie
41%
Etudie les drapeaux et les pavillons Vexillologie
41%
Etudie les langues manuscrites anciennes Paléographie
29%
Etudie les monuments ou bas-reliefs dépourvus d'écriture Anépigraphie
28%
Etudie les ordres, décorations et médailles Phaléristique
22%
Etudie la structure, la classification, la valeur, la tradition et l'authenticité des documents officiels Diplomatique
17%
S'intéresse aux biographies des membres d'une catégorie spécifique de la société par étude de leurs liens de parentés, leurs origines et leur appartenance aux cercles de pouvoir Prosopographie
12%
A pour objet de rétablir le contenu original de textes connus par plusieurs sources Philologie
10%
Aucun quiz correspondant
Distribution des résultats
% des personnes avec chaque résultat
Percentile par nombre de réponses
Votre historique - résultats
Vous n’avez pas pris ce quiz